[Event "Main Kinzig-ch"]
[Site "Ronneburg"]
[Date "2003.11.21"]
[Round "6"]
[White "Keuler, Karl Heinz"]
[Black "Limberger, Gerhard"]
[Result "1-0"]
[WhiteElo "1487"]
[BlackElo "1326"]
[PlyCount "129"]
[EventDate "2003.09.12"]
[EventType "swiss"]
[EventRounds "7"]
[EventCountry "GER"]
[SourceTitle "EXT 2015"]
[Source "ChessBase"]
[SourceDate "2014.11.20"]
[SourceVersion "1"]
[SourceVersionDate "2014.11.20"]
[SourceQuality "1"]

1. d4 d6 2. c4 g6 3. Nc3 Nf6 4. Bg5 Bg7 5. e4 0-0 6. Nf3 Nbd7 7. Bd3 e5 8. Nd5 c6 9. Nxf6+ Nxf6 10. 0-0 Qb6 11. dxe5 dxe5 12. Qc2 Qc7 13. h3 Ne8 14. c5 Be6 15. Bc4 Bxc4 16. Qxc4 Kh8 17. Rad1 Nf6 18. Nh2 Rae8 19. Rd6 Re6 20. Bxf6 Rxf6 21. Rfd1 Rxd6 22. Rxd6 f5 23. exf5 gxf5 24. Qe6 Qb8 25. Rd7 Rf6 26. Qe7 Qg8 27. Rxb7 Rg6 28. Qf7 e4 29. Qxf5 Bd4 30. Qxe4 Bxc5 31. Qe5+ Rg7 32. Rxg7 Qxg7 33. Qxc5 Kg8 34. Qxc6 Qxb2 35. Qe6+ Kf8 36. Ng4 Qc1+ 37. Kh2 Qf4+ 38. g3 Qf7 39. Qxf7+ Kxf7 40. Kg2 a5 41. a4 Ke6 42. Ne3 Kd6 43. Nc4+ Kc5 44. Nxa5 Kb4 45. Nc6+ Kxa4 46. f4 Kb5 47. Ne5 Kc5 48. Kf3 Kd6 49. Kg4 Ke6 50. Kg5 Ke7 51. Kh6 Kf6 52. g4 Ke7 53. Kxh7 Kf6 54. h4 Ke6 55. Kg6 Ke7 56. h5 Kf8 57. Kf6 Kg8 58. g5 Kh7 59. f5 Kg8 60. h6 Kh7 61. Kf7 Kh8 62. Ng4 Kh7 63. g6+ Kh8 64. g7+ Kh7 65. g8Q# 1-0

[Event "Main Kinzig-ch"]
[Site "Ronneburg"]
[Date "2003.09.12"]
[Round "1"]
[White "Keuler, Karl Heinz"]
[Black "Rondio, Thomas"]
[Result "0-1"]
[WhiteElo "1487"]
[BlackElo "1857"]
[PlyCount "78"]
[EventDate "2003.09.12"]
[EventType "swiss"]
[EventRounds "7"]
[EventCountry "GER"]
[SourceTitle "EXT 2015"]
[Source "ChessBase"]
[SourceDate "2014.11.20"]
[SourceVersion "1"]
[SourceVersionDate "2014.11.20"]
[SourceQuality "1"]

1. d4 d5 2. Nf3 Nf6 3. e3 g6 4. c4 Bg7 5. Nc3 0-0 6. cxd5 Nxd5 7. Be2 c5 8. Bd2 cxd4 9. Nxd4 Nc6 10. Nxc6 bxc6 11. 0-0 Qb6 12. Rb1 Rd8 13. Qe1 Ba6 14. Na4 Qb7 15. Nc5 Qb6 16. Nxa6 Rdc8 17. Ba5 Qb7 18. Nc5 Qb8 19. e4 Nb6 20. Bc3 e5 21. Rd1 Qc7 22. Rd3 Rd8 23. b3 Bf8 24. Rxd8 Rxd8 25. Nd3 Bd6 26. Qa1 Nd7 27. Rd1 Re8 28. Bg4 Nf6 29. h3 Nxe4 30. Bb4 Bxb4 31. Nxb4 Nxf2 32. Kxf2 Qb6+ 33. Kf1 Qxb4 34. Qc1 Qb5+ 35. Kg1 f5 36. Rd7 Qb6+ 37. Kh1 Rd8 38. Qc4+ Kh8 39. Re7 fxg4 0-1

[Event "Main Kinzig-ch"]
[Site "Rodenbach"]
[Date "2001.12.07"]
[Round "7"]
[White "Keuler, Karl Heinz"]
[Black "Khoshnaw, Hesso"]
[Result "1/2-1/2"]
[WhiteElo "1467"]
[BlackElo "1534"]
[PlyCount "155"]
[EventDate "2001.09.21"]
[EventType "swiss"]
[EventRounds "7"]
[EventCountry "GER"]
[SourceTitle "EXT 2003"]
[Source "ChessBase"]
[SourceDate "2002.11.25"]
[SourceVersion "1"]
[SourceVersionDate "2002.11.25"]
[SourceQuality "1"]

1. d4 d5 2. Nf3 Bf5 3. e3 Nf6 4. c4 e6 5. Nc3 Bb4 6. Qa4+ Nc6 7. a3 Bxc3+ 8. bxc3 0-0 9. h3 Nd7 10. cxd5 Nb6 11. Qd1 Nxd5 12. Bb2 Qf6 13. Bd3 Bg6 14. 0-0 Nce7 15. Qe2 Bh5 16. Qd1 Bxf3 17. gxf3 Qg5+ 18. Kh2 f5 19. Rg1 Qh4 20. Qe2 Rf6 21. c4 Rh6 22. Qf1 Nf6 23. Be2 Kf7 24. Rd1 c6 25. d5 cxd5 26. Bxf6 Qxf6 27. f4 b6 28. Rg3 Rd8 29. cxd5 Nxd5 30. Qg2 g6 31. Qf3 Rc8 32. a4 Qe7 33. Rd4 Nf6 34. Bb5 Rd8 35. Rxd8 Qxd8 36. Bc6 a6 37. Qe2 b5 38. axb5 axb5 39. Kg2 b4 40. e4 Qd6 41. Qc4 Qxf4 42. Qxb4 Nxe4 43. Qb7+ Kf6 44. Rf3 Qg5+ 45. Kh2 Nd2 46. Qb2+ Kf7 47. Qb7+ Qe7 48. Rd3 Qxb7 49. Bxb7 Nc4 50. Bc8 Ne5 51. Rd6 g5 52. Kg2 Rg6 53. Ra6 h5 54. Ra7+ Ke8 55. Ra8 Ke7 56. Ra7+ Kd6 57. Ra6+ Kd5 58. Ra5+ Kd4 59. Ra4+ Kc3 60. Ba6 g4 61. Be2 Rf6 62. Kg3 Ng6 63. hxg4 fxg4 64. Bxg4 hxg4 65. Rxg4 Ne5 66. Re4 Nc4 67. Rf4 Rg6+ 68. Rg4 Rxg4+ 69. Kxg4 Kd4 70. Kf3 e5 71. Ke2 e4 72. Ke1 Kd3 73. Kd1 Ne5 74. Ke1 Ng4 75. Kf1 Kd2 76. Kg2 Ke2 77. Kg3 Ne5 78. Kf4 1/2-1/2